| 000 | 00502nam a2200181Ia 4500 | ||
|---|---|---|---|
| 005 | 20250423100433.0 | ||
| 008 | 250422s9999 xx 000 0 und d | ||
| 020 | _a9780192806130 | ||
| 050 | _aPE 1408 .S4554/ | ||
| 100 | _aSeely, John | ||
| 245 | 0 | _aOxford guide to effective writing and speaking | |
| 260 | _aNew York | ||
| 260 | _bOxford University Press | ||
| 260 | _c2005 | ||
| 300 | _a312 p | ||
| 650 | _aEnglish language--Written English. English language--Spoken English. | ||
| 942 | _cBK | ||
| 999 |
_c33301 _d33301 |
||